| 000 | 00528nam a2200193Ia 4500 | ||
|---|---|---|---|
| 003 | GCL | ||
| 008 | 140319s9999 xx 000 0 eng d | ||
| 040 |
_aGCL / _cGCL |
||
| 082 | 0 | 4 |
_a746.755 _bF O |
| 100 | 1 | _aFORD, P.R.J | |
| 245 | 1 | 0 |
_aORIENTAL CARPET DESIGN: A GUIDE TO TRADITIONAL MOTIFS, PATTERNS AND SYMBOLS / _cFORD, P.R.J |
| 260 |
_a[S.N] : _bTHAMES AND HUDSON ، _c1994 |
||
| 300 | _a352 P | ||
| 650 | 0 | 4 | _aORIENTAL CARPETS |
| 650 | 0 | 4 | _aARTS |
| 650 | 0 | 4 | _aCARPETS |
| 650 | 0 | 4 | _aCARPETS - DESIGN |
| 942 |
_2ddc _cBK |
||
| 999 |
_c13878 _d13878 |
||